00786nam a2200229 a 4500001000200000003000900002005001700011007001000028008003100038020001500069040002200084082002900106100002800135245009800163260003800261300003100299500007000330650002300400650002700423700004300450710006300493 DO-SdBNP20220204120719.0000017242100322s2006 dr a000 d spa d a9945427008 aBPMSUbspacBPMSU aRD862.44bD611p 20062221 aDisla, Reynaldo,d1985-10aPiezas para títeres /cReynaldo Disla ; encargado de edición Amado Alexis Santana Chalas. aSanto Domingo :bNacional,c2006. a191 p. :bretrs. ;c23 cm. aIncluye datos biográficos del autor en la solapa de la cubierta 4aTeatro dominicano  4aLiteratura dominicana 1 aSantana Chalas, Amado Alexis,eeditor 2 aSecretaría de Estado de Cultura (República Dominicana)